000 00424nam a22001337a 4500
008 161118b xxu||||| |||| 00| 0 eng d
050 _aREF PL8681.4.K12
100 _aKahari, George Payne
_927536
245 _aStandard Shona-English dictionary of names
_c/George Payne Kahari
260 _a[s.l.]
_b[s.n]
_c2016
300 _axxxviii,973
_c21cm.
650 _aShona literature
_xDictionaries
_927538
942 _2lcc
_cMONOGRAPH
999 _c125756
_d125756